Hakayat E Rumi (Record no. 523094)
[ view plain ]
| 000 -LEADER | |
|---|---|
| fixed length control field | 00283nam a2200109Ia 4500 |
| 008 - FIXED-LENGTH DATA ELEMENTS--GENERAL INFORMATION | |
| fixed length control field | 190125s9999 xx 000 0 und d |
| 082 ## - DEWEY DECIMAL CLASSIFICATION NUMBER | |
| Classification number | 398.27 RUM |
| Author Mark | 398.27 RUM |
| 100 ## - MAIN ENTRY--PERSONAL NAME | |
| Personal name | Moulana Jalaludin Rumi |
| 9 (RLIN) | 13366 |
| 245 ## - TITLE STATEMENT | |
| Title | Hakayat E Rumi |
| 260 ## - PUBLICATION, DISTRIBUTION, ETC. | |
| Name of publisher, distributor, etc. | Book Corner, Jhelum |
| 260 ## - PUBLICATION, DISTRIBUTION, ETC. | |
| Date of publication, distribution, etc. | 2009 |
| Withdrawn status | Lost status | Source of classification or shelving scheme | Damaged status | Not for loan | Permanent Location | Current Location | Date acquired | Total Checkouts | Total Renewals | Full call number | Barcode | Date last seen | Date last checked out | Price effective from |
|---|---|---|---|---|---|---|---|---|---|---|---|---|---|---|
| School of Civil and Environmental Engineering (SCEE) | School of Civil and Environmental Engineering (SCEE) | 12/17/2019 | 2 | 2 | 398.27 RUM | NIT-12966 | 04/05/2023 | 01/12/2023 | 12/17/2019 | |||||
| School of Civil and Environmental Engineering (SCEE) | School of Civil and Environmental Engineering (SCEE) | 12/17/2019 | 1 | 398.27 RUM | NIT-12967 | 09/28/2023 | 04/22/2022 | 12/17/2019 |
